| 000 | 00421nam a2200169Ia 4500 | ||
|---|---|---|---|
| 005 | 20250311084319.0 | ||
| 008 | 240331s9999 xx 000 0 und d | ||
| 020 | _a8123400632 | ||
| 082 |
_bBAL _a894 |
||
| 100 | _aBalathandayutham, K | ||
| 245 | 0 | _aIlakkiyathil manitha neyam | |
| 250 | _a3rd | ||
| 260 |
_aChennai _bNew Centuary Book House Pvt Ltd _c1992 |
||
| 300 | _a122 p ., | ||
| 650 | _aTamil Essays | ||
| 942 | _cL | ||
| 999 |
_c3851 _d3851 |
||